000 01231cam a2200397 a 4500
001 22481
003 SK-KTurca
005 20260330141100.0
008 240318s1996 xo j 000 f slo
015 _aSNBA1996/1103162
020 _a8071347582
_q(viaz.)
035 _aSNK000165088
035 _aurn:nbn:sk:snk-amjbvk
035 _aurn:nbn:sk:snk-am003o4y
035 _aAC5F9F76-1738-49D1-92AF-F0E63D5B7EC7
040 _aSNK
_bslo
_cSNK
_eAACR2
041 1 _aslo
_hger
044 _axo
_cSK
080 _a830-3
_21981
100 1 _aKrauss, Irma,
_d1949-
_4aut
240 1 0 _aKatharina - Herzklopfen
_lSlovensky
245 1 0 _aKatarína
_n2
_pBúšenie srdca
_cIrma Kraussová ; [z nemeckého originálu ... preložila Mária Klenková]
246 3 0 _aBúšenie srdca
250 _a1. vyd.
260 _aBratislava
_bEgmont Neografia
_c1996
300 _a147 s.
_c19 cm
490 1 _aSrdiečka
500 _aÚdaj o prekl. prevzatý z rubu tit. strany
650 0 7 _anemecká literatúra
_2SNKPH
655 7 _adievčenské romány
_2SNKPH
700 1 _aKlenková, Mária
_4trl
830 0 _aSrdiečka
911 _aKN 1996/11
_b03162
942 _2ddc
_cKLDE
_n0
999 _c22481
_d22481